[Event "CYCC U10"]
[Site "Ottawa CAN"]
[Date "2013.07.12"]
[Round "6"]
[White "Gaisinsky, Adam"]
[Black "Guo, Thomas"]
[Result "0-1"]
[WhiteElo "1460"]
[BlackElo "1608"]
[PlyCount "52"]
[GameId "2160767909318096"]
[EventDate "2013.07.10"]
[EventType "swiss"]
[EventRounds "6"]
[EventCountry "CAN"]
[SourceTitle "hb 2013"]

1. e4 e6 2. d4 d5 3. exd5 exd5 4. Nf3 Bd6 5. Bg5 Nf6 6. Nc3 Be6 7. Bd3 h6 8. Bh4 Nbd7 9. O-O Qe7 10. Re1 g5 11. Bg3 Bxg3 12. fxg3 O-O-O 13. Rb1 Rdg8 14. b4 h5 15. a4 h4 16. gxh4 gxh4 17. Nb5 a6 18. Nc3 Qd6 19. Kh1 Bg4 20. a5 Bxf3 21. gxf3 h3 22. Bf1 Rg2 23. Bxg2 hxg2+ 24. Kxg2 Qxh2+ 25. Kf1 Rg8 26. Ne2 Qg2# 0-1

[Event "CYCC U10"]
[Site "Ottawa CAN"]
[Date "2013.07.12"]
[Round "6"]
[White "Grossmann, Lenard"]
[Black "Talukdar, Rohan"]
[Result "0-1"]
[WhiteElo "1614"]
[BlackElo "1532"]
[PlyCount "130"]
[GameId "2160767909318097"]
[EventDate "2013.07.10"]
[EventType "swiss"]
[EventRounds "6"]
[EventCountry "CAN"]
[SourceTitle "EXT 2022"]
[Source "ChessBase"]
[SourceDate "2021.10.06"]
[SourceVersion "1"]
[SourceVersionDate "2021.10.06"]
[SourceQuality "1"]

1. d4 Nf6 2. c4 e6 3. Nf3 b6 4. e3 Bb7 5. Bd3 Be7 6. O-O O-O 7. Nbd2 c5 8. b3 cxd4 9. exd4 d5 10. Bb2 Nc6 11. a3 a5 12. Rc1 Rc8 13. Qe2 h6 14. Rfd1 Bd6 15. Ne5 Qe7 16. Ndf3 Bxa3 17. Bxa3 Qxa3 18. c5 bxc5 19. dxc5 Nxe5 20. Nxe5 Rxc5 21. Ra1 Qb4 22. Re1 Qb6 23. Qe3 Qd6 24. Rad1 Rc7 25. Nc4 Qc5 26. Qxc5 Rxc5 27. Nd6 Rc7 28. Rc1 Rd7 29. Nb5 Rc8 30. Rxc8+ Bxc8 31. Ra1 g5 32. Rxa5 Bb7 33. f3 e5 34. Bf5 Rd8 35. Ra7 Bc6 36. Nc3 d4 37. Nd1 Bd5 38. b4 Rb8 39. Ra6 Kg7 40. Nf2 Bc4 41. Ra5 Rb5 42. Rxb5 Bxb5 43. Bd3 Bxd3 44. Nxd3 Nd7 45. g4 f6 46. Kf2 Kf7 47. Ke2 Ke6 48. Kd2 Kd5 49. h3 Kc4 50. Kc2 Nb6 51. Kd2 Nd5 52. Kc2 Nxb4+ 53. Nxb4 Kxb4 54. Kd3 Kb3 55. Kd2 Kc4 56. Kc2 d3+ 57. Kd2 Kd4 58. Kd1 Ke3 59. Ke1 d2+ 60. Kd1 Kd3 61. f4 exf4 62. h4 Ke3 63. h5 f3 64. Kc2 f2 65. Kc3 f1=Q 0-1

[Event "CYCC U10"]
[Site "Ottawa CAN"]
[Date "2013.07.12"]
[Round "6"]
[White "Huang, Qiuyu"]
[Black "Hua, Eugene"]
[Result "1-0"]
[WhiteElo "1258"]
[BlackElo "1868"]
[PlyCount "119"]
[GameId "2160767909318098"]
[EventDate "2013.07.10"]
[EventType "swiss"]
[EventRounds "6"]
[EventCountry "CAN"]
[SourceTitle "hb 2013"]

1. e4 e5 2. Nf3 Nc6 3. Bc4 Bc5 4. c3 Nf6 5. d4 exd4 6. cxd4 Bb4+ 7. Bd2 Nxe4 8. Bxb4 Nxb4 9. Bxf7+ Kxf7 10. Qb3+ d5 11. Qxb4 Re8 12. O-O Kg8 13. Nc3 Nxc3 14. bxc3 a5 15. Qb3 b6 16. Rae1 Rxe1 17. Rxe1 Ba6 18. Ne5 Qd6 19. Qc2 Re8 20. Qa4 Re7 21. Qc2 Qf6 22. Re3 c5 23. Rf3 Qe6 24. h3 Rc7 25. Qd2 Rc8 26. Qg5 cxd4 27. cxd4 h6 28. Qg3 Rc7 29. Ng6 Rc8 30. Re3 Rc1+ 31. Kh2 Qf7 32. Rf3 Qe8 33. Rf8+ Qxf8 34. Nxf8 Kxf8 35. Qb8+ Rc8 36. Qxb6 Bc4 37. Qxa5 Re8 38. Qc5+ Kg8 39. a4 Ra8 40. Qc6 Ra6 41. Qe8+ Kh7 42. f4 Bb3 43. Qb5 Bc4 44. Qd7 Rf6 45. Qc7 Ra6 46. a5 Rf6 47. g4 Re6 48. Kg3 Re3+ 49. Kh4 Bf1 50. g5 Rxh3+ 51. Kg4 h5+ 52. Kf5 Bd3+ 53. Ke6 Bc4 54. Qe5 Ra3 55. Qf5+ Kh8 56. g6 Re3+ 57. Kd6 Re8 58. Qxh5+ Kg8 59. Qh7+ Kf8 60. Qh8# 1-0

[Event "CYCC U10"]
[Site "Ottawa CAN"]
[Date "2013.07.12"]
[Round "6"]
[White "Jia, Yu Luo"]
[Black "Larochelle, Matthieu"]
[Result "1-0"]
[WhiteElo "770"]
[BlackElo "1041"]
[PlyCount "96"]
[GameId "2160767909326291"]
[EventDate "2013.07.10"]
[EventType "swiss"]
[EventRounds "6"]
[EventCountry "CAN"]
[SourceTitle "EXT 2022"]
[Source "ChessBase"]
[SourceDate "2021.10.06"]
[SourceVersion "1"]
[SourceVersionDate "2021.10.06"]
[SourceQuality "1"]

1. e4 e5 2. Nf3 Nc6 3. Nc3 Nf6 4. Bb5 Bc5 5. d3 O-O 6. Bg5 d6 7. O-O h6 8. Bxf6 Qxf6 9. Nd5 Bb6 10. Nxf6+ gxf6 11. Bxc6 bxc6 12. d4 exd4 13. Nxd4 c5 14. Nc6 Bd7 15. Ne7+ Kh8 16. Nd5 Ba5 17. Qh5 Kh7 18. Nxf6+ Kg7 19. Nxd7 Rfc8 20. Qg4+ Kh8 21. Nf6 Rab8 22. Qh5 Kg7 23. Nd7 Rxb2 24. Qg4+ Kh7 25. Qf5+ Kg8 26. Rfe1 Rxc2 27. Re3 Bc3 28. Nf6+ Kf8 29. h3 Bxa1 30. Nh7+ Ke8 31. e5 Bxe5 32. Qxc2 Rb8 33. Rxe5+ dxe5 34. Qa4+ Kd8 35. Qc6 Rb6 36. Qxc5 e4 37. Qf8+ Kd7 38. Qxf7+ Kc6 39. Qe6+ Kb7 40. Qxe4+ Rc6 41. Nf6 Ka6 42. Qxc6+ Ka5 43. Kf1 a6 44. Ke2 h5 45. Kd3 h4 46. Qd5+ Kb6 47. Nd7+ Ka7 48. Qc5+ Ka8 1-0

[Event "CYCC U10"]
[Site "Ottawa CAN"]
[Date "2013.07.12"]
[Round "6"]
[White "Low, Ethan"]
[Black "Liu, Daniel1"]
[Result "1-0"]
[WhiteElo "1105"]
[BlackElo "1689"]
[PlyCount "70"]
[GameId "2160767909326294"]
[EventDate "2013.07.10"]
[EventType "swiss"]
[EventRounds "6"]
[EventCountry "CAN"]
[SourceTitle "EXT 2022"]
[Source "ChessBase"]
[SourceDate "2021.10.06"]
[SourceVersion "1"]
[SourceVersionDate "2021.10.06"]
[SourceQuality "1"]

1. e4 e5 2. Nf3 Nc6 3. Bc4 Bc5 4. c3 Nf6 5. d3 h6 6. O-O d6 7. Nbd2 O-O 8. h3 Re8 9. Re1 a6 10. Bb3 Bd7 11. Nf1 Ne7 12. Ng3 Ng6 13. Qe2 a5 14. Bc2 Bb6 15. d4 exd4 16. cxd4 Nd5 17. Bb3 Ndf4 18. Bxf4 Nxf4 19. Qd2 Qf6 20. e5 Nxh3+ 21. gxh3 Qxf3 22. Re3 Qc6 23. Rc1 Qb5 24. Rf3 Be6 25. Bxe6 Rxe6 26. Qf4 f6 27. Qf5 Rae8 28. Nh5 Qxb2 29. Rf1 R8e7 30. exf6 gxf6 31. Rg3+ Kf8 32. Qg6 Rg7 33. Qxg7+ Ke8 34. Nxf6+ Rxf6 35. Qxf6 Bxd4 1-0

[Event "CYCC U10"]
[Site "Ottawa CAN"]
[Date "2013.07.12"]
[Round "6"]
[White "Pulfer, Luke"]
[Black "Richardson, Kai"]
[Result "1-0"]
[WhiteElo "1645"]
[BlackElo "1626"]
[PlyCount "191"]
[GameId "2160767909326296"]
[EventDate "2013.07.10"]
[EventType "swiss"]
[EventRounds "6"]
[EventCountry "CAN"]
[SourceTitle "EXT 2022"]
[Source "ChessBase"]
[SourceDate "2021.10.06"]
[SourceVersion "1"]
[SourceVersionDate "2021.10.06"]
[SourceQuality "1"]

1. d4 d5 2. c4 e6 3. e3 c6 4. Nc3 Nf6 5. Nf3 Nbd7 6. Bd3 Be7 7. O-O O-O 8. b3 dxc4 9. bxc4 c5 10. Qe2 b6 11. Bd2 Bb7 12. Rad1 a6 13. h3 Qc7 14. Nh2 Bc6 15. f4 Rfd8 16. Nf3 h6 17. Ne5 Nxe5 18. fxe5 Nh7 19. Bxh7+ Kxh7 20. Rxf7 cxd4 21. Qd3+ Kh8 22. Qg6 Rg8 23. exd4 Be8 24. Qxe6 Bxf7 25. Qxf7 Raf8 26. Qe6 Bh4 27. Be3 Qc8 28. Qxc8 Rxc8 29. Nd5 Rxc4 30. Nxb6 Rc3 31. Bf2 Bd8 32. d5 Rc2 33. Bd4 Re2 34. e6 Re4 35. Nd7 Re8 36. Nc5 Re2 37. d6 Rxa2 38. e7 Bxe7 39. Re1 Bxd6 40. Rxe8+ Kh7 41. Rd8 Bxc5 42. Bxc5 a5 43. Rd1 a4 44. Bd4 a3 45. Ra1 Rd2 46. Bc3 Rc2 47. Rxa3 g5 48. Bd4 Rd2 49. Be3 Rb2 50. Ra7+ Kg6 51. Ra6+ Kh7 52. Ra5 Rb1+ 53. Kh2 Rb3 54. Bxg5 hxg5 55. Rxg5 Kh6 56. Rf5 Kg6 57. Rf3 Rb2 58. h4 Kh5 59. Kh3 Rb4 60. g3 Ra4 61. Rf4 Ra3 62. Rf5+ Kg6 63. Rg5+ Kh6 64. Kg4 Ra4+ 65. Kh3 Ra3 66. Rf5 Kg6 67. Rf4 Kh5 68. Kg2 Ra2+ 69. Rf2 Ra3 70. Re2 Kg4 71. Re4+ Kh5 72. Kf2 Rb3 73. Re3 Rb5 74. Kg2 Kg4 75. Re4+ Kh5 76. Rf4 Rb2+ 77. Kh3 Rb3 78. Kg2 Rb2+ 79. Rf2 Rb3 80. Rf3 Rb2+ 81. Kh3 Rb4 82. Rf5+ Kg6 83. Rf4 Rb3 84. Kg4 Rb5 85. h5+ Rxh5 86. Rf6+ Kxf6 87. Kxh5 Kf7 88. Kh6 Kg8 89. g4 Kh8 90. Kg6 Kg8 91. g5 Kh8 92. Kf7 Kh7 93. g6+ Kh8 94. g7+ Kh7 95. g8=Q+ Kh6 96. Qg6# 1-0

[Event "CYCC U10"]
[Site "Ottawa CAN"]
[Date "2013.07.12"]
[Round "6"]
[White "Qu, Leo"]
[Black "Sivapathasundaram, Manojh"]
[Result "1/2-1/2"]
[WhiteElo "942"]
[BlackElo "1224"]
[PlyCount "119"]
[GameId "2160767909326297"]
[EventDate "2013.07.10"]
[EventType "swiss"]
[EventRounds "6"]
[EventCountry "CAN"]
[SourceTitle "hb 2013"]

1. d4 Nf6 2. c4 g6 3. Nc3 Bg7 4. e4 d6 5. Nf3 O-O 6. Bd3 Bg4 7. O-O c5 8. d5 e6 9. h3 Bxf3 10. Qxf3 Nbd7 11. Bg5 Qc7 12. Nb5 Qb6 13. Rab1 Ne5 14. Qg3 Nh5 15. Qe3 f6 16. Bh4 g5 17. Bg3 Nxg3 18. fxg3 Nxd3 19. Qxd3 e5 20. g4 a6 21. Nc3 h6 22. Ne2 Qc7 23. Ng3 Rfb8 24. Nf5 b5 25. cxb5 axb5 26. a3 c4 27. Qg3 Ra4 28. Rfe1 b4 29. axb4 Raxb4 30. Qf2 c3 31. Re2 cxb2 32. Rc2 Qa5 33. Qe1 Qa4 34. Re2 Rb3 35. Qd1 Ra3 36. Qxa4 Rxa4 37. Rexb2 Rxb2 38. Rxb2 Ra1+ 39. Kf2 Bf8 40. Rb8 Kf7 41. Rb7+ Kg8 42. Rb6 Ra2+ 43. Kg3 Ra3+ 44. Kh2 Kf7 45. Nxd6+ Bxd6 46. Rxd6 Re3 47. Rd7+ Kg6 48. Re7 Rxe4 49. d6 Rd4 50. d7 f5 51. Rxe5 fxg4 52. Re6+ Kg7 53. Re7+ Kf6 54. Re1 gxh3 55. gxh3 Rxd7 56. Rf1+ Kg6 57. Ra1 Rf7 58. Ra8 h5 59. Ra6+ Rf6 60. Ra5 1/2-1/2

[Event "CYCC U10"]
[Site "Ottawa CAN"]
[Date "2013.07.12"]
[Round "6"]
[White "Surya, Benito"]
[Black "Du, Daniel"]
[Result "1-0"]
[WhiteElo "1736"]
[BlackElo "1038"]
[PlyCount "157"]
[GameId "2160767909326301"]
[EventDate "2013.07.10"]
[EventType "swiss"]
[EventRounds "6"]
[EventCountry "CAN"]
[SourceTitle "hb 2013"]

1. e4 e6 2. d3 d5 3. Nd2 Nf6 4. Ngf3 c5 5. g3 Nc6 6. Bg2 Be7 7. O-O O-O 8. e5 Nd7 9. Re1 d4 10. h4 b5 11. Nf1 Bb7 12. N1h2 Re8 13. Qe2 f6 14. exf6 Bxf6 15. Ng5 Bxg5 16. Bxg5 Qc7 17. Qg4 Nce5 18. Qe2 Bxg2 19. Kxg2 Qc6+ 20. Kg1 h6 21. Bf4 Ng6 22. Bd2 e5 23. Qf1 c4 24. Qh3 Qe6 25. Qxe6+ Rxe6 26. f4 Rf8 27. Bb4 Rf5 28. Rad1 Nb6 29. dxc4 Nxc4 30. Rxd4 Nxb2 31. Rd5 a6 32. h5 Nf8 33. Rdxe5 Rfxe5 34. Rxe5 Rxe5 35. fxe5 Nc4 36. Ng4 Kf7 37. Bxf8 Kxf8 38. Kf2 Ke7 39. Kf3 Ke6 40. Kf4 b4 41. Ke4 a5 42. Kd3 Nb6 43. Kd4 Kd7 44. Ne3 Ke6 45. g4 Na4 46. Nd5 Nb2 47. Nf4+ Kd7 48. Kc5 Na4+ 49. Kb5 Nc3+ 50. Kxa5 Nxa2 51. Ka4 Nc3+ 52. Kxb4 Nd1 53. c4 Ne3 54. Kc5 Nxg4 55. Kd4 Kc7 56. Ne6+ Kd7 57. Nxg7 Ke7 58. Ke4 Nf2+ 59. Ke3 Nd1+ 60. Kd4 Nb2 61. Nf5+ Ke6 62. Nxh6 Na4 63. Ng4 Nb6 64. h6 Kf7 65. h7 Kg7 66. Nf6 Nc8 67. Kd5 Ne7+ 68. Ke6 Nc6 69. Kd6 Nd8 70. c5 Nf7+ 71. Kd5 Nd8 72. c6 Nxc6 73. Kxc6 Kh8 74. e6 Kg7 75. e7 Kxf6 76. h8=Q+ Kg5 77. e8=Q Kf4 78. Qh4+ Kf5 79. Qee4# 1-0

[Event "CYCC U10 w"]
[Site "Ottawa CAN"]
[Date "2013.07.10"]
[Round "1"]
[White "Chertkow, Sasha"]
[Black "Zhang, Jeannie"]
[Result "1-0"]
[WhiteElo "881"]
[BlackElo "1501"]
[PlyCount "91"]
[GameId "2160767909326308"]
[EventDate "2013.07.10"]
[EventType "swiss"]
[EventRounds "6"]
[EventCountry "CAN"]
[SourceTitle "EXT 2022"]
[Source "ChessBase"]
[SourceDate "2021.10.06"]
[SourceVersion "1"]
[SourceVersionDate "2021.10.06"]
[SourceQuality "1"]

1. e4 c5 2. Ne2 Nc6 3. g3 g6 4. Bg2 Bg7 5. O-O Nf6 6. c3 O-O 7. d4 cxd4 8. cxd4 d6 9. h3 a6 10. Nbc3 Qc7 11. Be3 b5 12. a3 Bb7 13. d5 Ne5 14. f4 Nc4 15. Qc1 Nxe3 16. Qxe3 Nd7 17. Rac1 Nc5 18. b4 Nd7 19. Nxb5 Qb6 20. Qxb6 Nxb6 21. Nbc3 Rfc8 22. Na2 Bb2 23. Rxc8+ Rxc8 24. Nac1 Rc2 25. Bf3 Nc4 26. Kf2 Nd2 27. Rd1 Nxf3 28. Kxf3 Bxa3 29. Nd3 Rc4 30. Rb1 f5 31. exf5 Bxd5+ 32. Ke3 gxf5 33. b5 Re4+ 34. Kd2 axb5 35. Rxb5 Be6 36. Rb8+ Kg7 37. Rb7 Kf7 38. Rb8 Rc4 39. h4 Rc7 40. Nd4 Bd7 41. Ra8 Bc5 42. Nf3 Bc6 43. Ng5+ Kg6 44. Rg8+ Kh6 45. Nf7+ Kh5 46. Rg5# 1-0

[Event "CYCC U10 w"]
[Site "Ottawa CAN"]
[Date "2013.07.10"]
[Round "1"]
[White "Peng, Sarah"]
[Black "Boucher, Myriam"]
[Result "1-0"]
[WhiteElo "732"]
[BlackElo "1068"]
[PlyCount "45"]
[GameId "2160767909326309"]
[EventDate "2013.07.10"]
[EventType "swiss"]
[EventRounds "6"]
[EventCountry "CAN"]
[SourceTitle "EXT 2022"]
[Source "ChessBase"]
[SourceDate "2021.10.06"]
[SourceVersion "1"]
[SourceVersionDate "2021.10.06"]
[SourceQuality "1"]

1. e4 e5 2. Nf3 Nc6 3. Bc4 Nf6 4. Nc3 Bc5 5. d3 O-O 6. O-O d6 7. Bg5 h6 8. Bh4 Bg4 9. h3 Bh5 10. Nd5 Nd4 11. Nxf6+ gxf6 12. g4 Bg6 13. Nxd4 Bxd4 14. c3 Bb6 15. Qf3 c6 16. Bxf6 Qe8 17. g5 hxg5 18. Bxg5 Qd7 19. Bh6 Rfe8 20. Qf6 Bxf2+ 21. Rxf2 Qg4+ 22. hxg4 d5 23. Qg7# 1-0

[Event "CYCC U10 w"]
[Site "Ottawa CAN"]
[Date "2013.07.10"]
[Round "1"]
[White "Tan, Kylie"]
[Black "Ricard, Bianca"]
[Result "1-0"]
[WhiteElo "1229"]
[BlackElo "809"]
[PlyCount "55"]
[GameId "2160767909326311"]
[EventDate "2013.07.10"]
[EventType "swiss"]
[EventRounds "6"]
[EventCountry "CAN"]
[SourceTitle "EXT 2022"]
[Source "ChessBase"]
[SourceDate "2021.10.06"]
[SourceVersion "1"]
[SourceVersionDate "2021.10.06"]
[SourceQuality "1"]

1. e4 e5 2. Nf3 Nc6 3. d4 exd4 4. Bc4 d6 5. Nxd4 Bd7 6. O-O Be6 7. Nxe6 Qe7 8. Nf4 Nf6 9. Nc3 Nxe4 10. Nxe4 Qxe4 11. Re1 Qxe1+ 12. Qxe1+ Be7 13. Bb5 a6 14. Bxc6+ bxc6 15. h3 O-O 16. Bd2 Bf6 17. Bc3 Bg5 18. Nd3 Rae8 19. Qd1 Re7 20. Qg4 h6 21. h4 Re6 22. hxg5 h5 23. Qxh5 f6 24. gxf6 gxf6 25. g3 c5 26. Kg2 c6 27. Qg6+ Kh8 28. Rh1# 1-0

[Event "CYCC U10 w"]
[Site "Ottawa CAN"]
[Date "2013.07.10"]
[Round "2"]
[White "Chertkow, Sasha"]
[Black "Tsypin, Allison"]
[Result "1/2-1/2"]
[WhiteElo "881"]
[BlackElo "943"]
[PlyCount "121"]
[GameId "2160767909326313"]
[EventDate "2013.07.10"]
[EventType "swiss"]
[EventRounds "6"]
[EventCountry "CAN"]
[SourceTitle "EXT 2022"]
[Source "ChessBase"]
[SourceDate "2021.10.06"]
[SourceVersion "1"]
[SourceVersionDate "2021.10.06"]
[SourceQuality "1"]

1. e4 c5 2. Ne2 d6 3. Nbc3 Nf6 4. g3 g6 5. Bg2 Bg7 6. O-O O-O 7. h3 Nc6 8. d3 Rb8 9. Be3 b5 10. e5 Nxe5 11. d4 Ned7 12. a3 a5 13. Nb1 e5 14. c3 exd4 15. cxd4 Bb7 16. f3 Nd5 17. Bf2 Re8 18. b3 c4 19. bxc4 bxc4 20. Nbc3 Nxc3 21. Nxc3 d5 22. Rb1 Bc6 23. Qc2 Qc7 24. Rxb8 Rxb8 25. Kh2 Rb3 26. a4 Rb4 27. Re1 Rb8 28. Be3 Re8 29. Qd2 Nf6 30. Bf4 Qd7 31. Rxe8+ Qxe8 32. h4 Bxa4 33. Qa2 Bd7 34. Qxa5 Be6 35. g4 Qd7 36. Bh3 Qe8 37. Kg3 h6 38. Qb4 Qf8 39. Qb2 Qd8 40. Qe2 Qb6 41. Be3 Nd7 42. Qd2 h5 43. gxh5 Bxh3 44. Kxh3 Qe6+ 45. Kg3 Nf6 46. hxg6 Nh5+ 47. Kf2 Bf6 48. gxf7+ Kxf7 49. Ke2 Ng3+ 50. Kd1 Qa6 51. Qb2 Qe6 52. Qb7+ Kg6 53. Bd2 Qf5 54. Nxd5 Qxf3+ 55. Kc1 Qa3+ 56. Kd1 Qf3+ 57. Kc1 Qa3+ 58. Qb2 Ne2+ 59. Kc2 Qd3+ 60. Kd1 Bxd4 61. Qb6+ 1/2-1/2

[Event "CYCC U10 w"]
[Site "Ottawa CAN"]
[Date "2013.07.10"]
[Round "2"]
[White "Kathirkamar, Janani"]
[Black "Tan, Kylie"]
[Result "0-1"]
[WhiteElo "906"]
[BlackElo "1229"]
[PlyCount "142"]
[GameId "2160767909326314"]
[EventDate "2013.07.10"]
[EventType "swiss"]
[EventRounds "6"]
[EventCountry "CAN"]
[SourceTitle "EXT 2022"]
[Source "ChessBase"]
[SourceDate "2021.10.06"]
[SourceVersion "1"]
[SourceVersionDate "2021.10.06"]
[SourceQuality "1"]

1. e4 e5 2. Nf3 Nc6 3. Nc3 Nf6 4. Bb5 d6 5. d4 a6 6. Ba4 b5 7. Bb3 Bg4 8. h3 Bxf3 9. Qxf3 Nxd4 10. Qd3 Nxb3 11. cxb3 h6 12. O-O c6 13. b4 Rc8 14. a3 Qd7 15. f4 Rd8 16. Be3 Be7 17. Rf3 exf4 18. Bxf4 c5 19. Nd5 Nxd5 20. exd5 O-O 21. Rg3 Kh8 22. Bxh6 gxh6 23. Rf1 Bg5 24. Rf5 f6 25. Qe4 Qe8 26. Qg4 Qe7 27. h4 Bd2 28. Rff3 Rg8 29. Qf5 Rxg3 30. Rxg3 Rg8 31. Rxg8+ Kxg8 32. Qg4+ Kh8 33. Qc8+ Kh7 34. Qf5+ Kg8 35. Qg4+ Qg7 36. Qc8+ Qf8 37. Qe6+ Kh8 38. bxc5 dxc5 39. Qxa6 b4 40. b3 bxa3 41. Qxa3 Qd6 42. Qa8+ Kg7 43. Qb7+ Kg6 44. h5+ Kxh5 45. Qf7+ Kg5 46. Qg7+ Kf5 47. Qh7+ Ke5 48. Qd3 Qxd5 49. Qe2+ Kd6 50. Qa6+ Ke5 51. Qe2+ Kf4 52. Qf2+ Ke4 53. Qe2+ Be3+ 54. Kf1 Qd3 55. Qxd3+ Kxd3 56. Ke1 Kc3 57. Ke2 Bg5 58. g3 Kxb3 59. g4 c4 60. Kd1 Kb2 61. Ke2 c3 62. Kd1 c2+ 63. Ke2 c1=Q 64. Kf3 Qf4+ 65. Kg2 Qe3 66. Kh1 Qe2 67. Kg1 Kc3 68. Kh1 Kd3 69. Kg1 Ke3 70. Kh1 Kf3 71. Kg1 Qg2# 0-1

[Event "CYCC U10 w"]
[Site "Ottawa CAN"]
[Date "2013.07.11"]
[Round "3"]
[White "Kathirkamar, Janani"]
[Black "Chertkow, Sasha"]
[Result "1-0"]
[WhiteElo "906"]
[BlackElo "881"]
[PlyCount "55"]
[GameId "2160767909326316"]
[EventDate "2013.07.10"]
[EventType "swiss"]
[EventRounds "6"]
[EventCountry "CAN"]
[SourceTitle "EXT 2022"]
[Source "ChessBase"]
[SourceDate "2021.10.06"]
[SourceVersion "1"]
[SourceVersionDate "2021.10.06"]
[SourceQuality "1"]

1. e4 e5 2. Nf3 Nc6 3. Nc3 Nf6 4. Bb5 a6 5. Ba4 d5 6. Nxe5 Qd6 7. Nxc6 b5 8. Bb3 Qxc6 9. Nxd5 Nxe4 10. Qe2 Bf5 11. d3 O-O-O 12. dxe4 Re8 13. f3 Bc5 14. Be3 Bxe3 15. Nxe3 Be6 16. O-O Bxb3 17. cxb3 f6 18. Rac1 Qd6 19. a4 c6 20. axb5 axb5 21. Qxb5 c5 22. Rxc5+ Kd8 23. Rd1 Qxd1+ 24. Nxd1 Ke7 25. Rc7+ Kf8 26. Qd7 Re7 27. Qxe7+ Kg8 28. Qxg7# 1-0

[Event "CYCC U10 w"]
[Site "Ottawa CAN"]
[Date "2013.07.11"]
[Round "3"]
[White "Ricard, Bianca"]
[Black "Boucher, Myriam"]
[Result "0-1"]
[WhiteElo "809"]
[BlackElo "1068"]
[PlyCount "69"]
[GameId "2160767909326317"]
[EventDate "2013.07.10"]
[EventType "swiss"]
[EventRounds "6"]
[EventCountry "CAN"]
[SourceTitle "EXT 2022"]
[Source "ChessBase"]
[SourceDate "2021.10.06"]
[SourceVersion "1"]
[SourceVersionDate "2021.10.06"]
[SourceQuality "1"]

1. e4 e5 2. Nf3 Nc6 3. Bb5 Bd6 4. c3 Nf6 5. O-O Nxe4 6. Re1 Nc5 7. Re2 a6 8. Bxc6 dxc6 9. Nxe5 O-O 10. Nf3 Re8 11. Qe1 Rf8 12. d4 Nd3 13. Qd2 Nxc1 14. Qxc1 a5 15. Nh4 c5 16. c4 Qxh4 17. g3 Qxd4 18. b3 Qxa1 19. Qb2 Qxb2 20. Rxb2 Re8 21. Kg2 Be5 22. Rd2 Bd6 23. f3 Re7 24. Nc3 Re8 25. Ne4 b6 26. Re2 Bb7 27. Nxd6 Rxe2+ 28. Kh3 cxd6 29. f4 Bg2+ 30. Kg4 Re6 31. f5 Re4+ 32. Kg5 h6+ 33. Kh5 g6+ 34. fxg6 Bf3+ 35. Kxh6 0-1

[Event "CYCC U10 w"]
[Site "Ottawa CAN"]
[Date "2013.07.11"]
[Round "3"]
[White "Tan, Kylie"]
[Black "Tsypin, Allison"]
[Result "1/2-1/2"]
[WhiteElo "1229"]
[BlackElo "943"]
[PlyCount "135"]
[GameId "2160767909326318"]
[EventDate "2013.07.10"]
[EventType "swiss"]
[EventRounds "6"]
[EventCountry "CAN"]
[SourceTitle "EXT 2022"]
[Source "ChessBase"]
[SourceDate "2021.10.06"]
[SourceVersion "1"]
[SourceVersionDate "2021.10.06"]
[SourceQuality "1"]

1. e4 c5 2. Ne2 d6 3. g3 Nf6 4. Bg2 Nc6 5. O-O g6 6. c3 Bg7 7. d4 cxd4 8. cxd4 O-O 9. Nbc3 e5 10. dxe5 dxe5 11. h3 Be6 12. Be3 a6 13. Rc1 Rc8 14. a3 Na5 15. Qxd8 Rfxd8 16. Bb6 Nb3 17. Rcd1 Rxd1 18. Rxd1 Nc5 19. Nc1 Nfd7 20. Bxc5 Nxc5 21. Nd5 Kf8 22. Ne2 Rd8 23. Nec3 Nb3 24. Kh2 Nd4 25. Kg1 Kg8 26. f4 Kh8 27. Kf2 h6 28. Ne3 Rc8 29. Ng4 Nc6 30. Ne3 Nd4 31. h4 h5 32. Bf1 Nc6 33. Rc1 Bh6 34. Ne2 Bg7 35. Bg2 exf4 36. Nxf4 Bxb2 37. Rb1 Bxa3 38. Rxb7 Bc5 39. Nxe6 fxe6 40. Ke2 Nd4+ 41. Kd3 Ra8 42. Nd1 a5 43. e5 Ra6 44. Bf1 Ra8 45. Bg2 a4 46. Rc7 Ra5 47. Nc3 a3 48. Kc4 Bb6 49. Rb7 Ba7 50. Rc7 a2 51. Nxa2 Rxa2 52. Rc8+ Kh7 53. Rc7+ Kh6 54. Rxa7 Rxa7 55. Kxd4 g5 56. hxg5+ Kxg5 57. Bh3 Ra3 58. Bxe6 Ra1 59. Kd5 Rg1 60. Kd6 Rd1+ 61. Ke7 Re1 62. Kd6 Kg6 63. g4 hxg4 64. Bxg4 Kf7 65. Be6+ Kf8 66. Bd7 Re3 67. Ke6 Rxe5+ 68. Kxe5 1/2-1/2

[Event "CYCC U10 w"]
[Site "Ottawa CAN"]
[Date "2013.07.11"]
[Round "4"]
[White "Boucher, Myriam"]
[Black "Chertkow, Sasha"]
[Result "0-1"]
[WhiteElo "1068"]
[BlackElo "881"]
[PlyCount "64"]
[GameId "2160767909326320"]
[EventDate "2013.07.10"]
[EventType "swiss"]
[EventRounds "6"]
[EventCountry "CAN"]
[SourceTitle "EXT 2022"]
[Source "ChessBase"]
[SourceDate "2021.10.06"]
[SourceVersion "1"]
[SourceVersionDate "2021.10.06"]
[SourceQuality "1"]

1. e4 e5 2. Nf3 Nc6 3. Bc4 Nf6 4. Nc3 Nxe4 5. Nxe4 d5 6. O-O dxc4 7. d3 cxd3 8. cxd3 Bg4 9. Be3 Bd6 10. h3 Bh5 11. Bg5 Qd7 12. Re1 Qe6 13. Qe2 Nd4 14. Ng3 Nxe2+ 15. Rxe2 Bxf3 16. gxf3 h6 17. Nh5 Qg6 18. f4 hxg5 19. Ng3 gxf4 20. Kh2 fxg3+ 21. fxg3 O-O-O 22. Rd1 e4 23. Rg2 Qh5 24. Re1 Qxh3+ 25. Kg1 Bc5+ 26. Kf1 Qh1+ 27. Ke2 Qxg2+ 28. Kd1 Rxd3+ 29. Kc1 Qd2+ 30. Kb1 Qxe1+ 31. Kc2 Qd2+ 32. Kb1 Qd1# 0-1

[Event "CYCC U10 w"]
[Site "Ottawa CAN"]
[Date "2013.07.11"]
[Round "4"]
[White "Tsypin, Allison"]
[Black "Kathirkamar, Janani"]
[Result "1-0"]
[WhiteElo "943"]
[BlackElo "906"]
[PlyCount "113"]
[GameId "2160767909326322"]
[EventDate "2013.07.10"]
[EventType "swiss"]
[EventRounds "6"]
[EventCountry "CAN"]
[SourceTitle "EXT 2022"]
[Source "ChessBase"]
[SourceDate "2021.10.06"]
[SourceVersion "1"]
[SourceVersionDate "2021.10.06"]
[SourceQuality "1"]

1. d4 d5 2. c4 e6 3. cxd5 exd5 4. Nf3 Nf6 5. Bg5 Nbd7 6. e3 Be7 7. Nc3 O-O 8. Be2 Ne4 9. Bxe7 Qxe7 10. O-O c6 11. a3 Qf6 12. Bd3 Re8 13. Qc2 Qg6 14. Nd2 Ndf6 15. f3 Bh3 16. Ndxe4 dxe4 17. Nxe4 Bd7 18. Nd6 Qg5 19. f4 Qg4 20. Nxe8 Rxe8 21. e4 Nh5 22. Be2 Qg6 23. Qd2 Qh6 24. g4 Nf6 25. g5 Qg6 26. f5 Nxe4 27. Qf4 Qd6 28. Qxd6 Nxd6 29. Bd3 Re3 30. Bc2 Re2 31. Rf2 Re3 32. f6 Rh3 33. Re1 Rh5 34. Rg2 Rh4 35. Re7 Bh3 36. Rg3 Be6 37. Re3 Rxd4 38. Bf5 Rd1+ 39. Kf2 Rd2+ 40. Ke1 Rxh2 41. Bxe6 Rh1+ 42. Kd2 Rh2+ 43. Kd1 Rh1+ 44. Kc2 Rh2+ 45. Kb1 fxe6 46. Rxg7+ Kf8 47. Rxe6 Nc4 48. Ree7 Rxb2+ 49. Kc1 Rh2 50. Rxb7 Nd6 51. Rb8+ Ne8 52. Re7 Rh1+ 53. Kc2 Rh2+ 54. Kc3 Rh3+ 55. Kc4 Rh4+ 56. Kc5 Rh5 57. Rbxe8# 1-0